|
|
|
|
| LEADER |
00000nab a2200000 a 4500 |
| 001 |
vtls000728904 |
| 003 |
SK-MaSNL |
| 005 |
20260304132326.0 |
| 008 |
250429c2000 xo 0 slo |
| 015 |
|
|
|a SNBRB2000/09-22365
|
| 035 |
|
|
|a CLN000081050
|
| 035 |
|
|
|a urn:nbn:sk:snk-abk32
|
| 035 |
|
|
|a (urnnbn)urn:nbn:sk:snk:ar-a03fhj
|
| 035 |
|
|
|a (uuid)51912395-d2c5-4d8f-88e9-a0a3626816df
|
| 040 |
|
|
|a SNKBUCL
|b slo
|c SNKBUCL
|e AACR2
|
| 041 |
0 |
|
|a slo
|
| 044 |
|
|
|a xo
|c SK
|
| 080 |
|
|
|a 616.5-002-097
|2 1997
|
| 100 |
1 |
|
|a Švecová, D.
|4 aut
|9 5197
|
| 245 |
1 |
0 |
|a Antibodies against Borrelia burgdorferi in sclerodermia circumscripta, lichen sclerosus et atrophicus, erythema nodosum, granuloma anulare, erythema anulare and urticaria chronica
|c D. Švecová, J. Buchvald
|
| 246 |
1 |
1 |
|a Protilátky proti Borrelia burgdorferi pri sclerodermia circumscripta, lichen sclerosus et atrophicus, erythema nodosum, granuloma anulare, erythema anulare a urticaria chronica
|
| 300 |
|
|
|b Grafy
|
| 504 |
|
|
|a Res. angl., slov.
|
| 504 |
|
|
|a Bibliogr. odkazy
|
| 650 |
0 |
7 |
|a Borrelia burgdorferi
|2 snkbucl
|9 833780
|
| 650 |
0 |
7 |
|a lokalizovaná sklerodermia
|2 snkbucl
|9 18887
|
| 650 |
0 |
7 |
|a lichen sclerosus et atrophicus
|2 snkbucl
|9 1375084
|
| 650 |
0 |
7 |
|a erytém nodózny
|2 snkbucl
|9 1447280
|
| 650 |
0 |
7 |
|a granulóm anulárny
|2 snkbucl
|9 1447281
|
| 650 |
0 |
7 |
|a urtikária chronická
|2 snkbucl
|9 990660
|
| 655 |
|
7 |
|a články z novín a časopisov
|2 snkbucl
|9 267496
|
| 700 |
1 |
|
|a Buchvald, Jozef,
|d 1933-
|4 aut
|9 189218
|
| 773 |
0 |
|
|t Bratislavské lekárske listy
|g Roč. 101, č. 4 (2000), s. 194-199
|x 0006-9248
|
| 850 |
|
|
|a Slovenská národná knižnica
|
| 852 |
|
|
|a Slovenská národná knižnica
|
| 954 |
|
|
|a odborná, vedecká literatúra pôvodná (slovenská)
|2 lita
|
| 958 |
|
|
|a article27
|
| 958 |
|
|
|a MI
|
| 958 |
|
|
|a NB
|
| 958 |
|
|
|a OND
|
| 958 |
|
|
|a EUIPO
|
| 992 |
|
|
|a RBX
|
| 999 |
|
|
|c 2898739
|d 2900669
|